Countries That Have Controlled Paris - Statistics

General Stats
  • This quiz has been taken 76 times
  • The average score is 16 of 18
Answer Stats
Period Answer % Correct
1940 - 1944 Third Reich
100%
1804 - 1814 First French Empire
94%
1815 First French Empire
94%
1792 - 1804 French First Republic
94%
1848 - 1852 French Second Republic
94%
1870 - 1940 French Third Republic
94%
987 - 1792 Kingdom of France
94%
1814 - 1815 Kingdom of France
94%
1815 - 1830 Kingdom of France
94%
1944 - Present Modern France
94%
1852 - 1870 Second French Empire
94%
1830 - 1848 The July Monarchy (The Kingdom of France)
94%
52 BC - 27 BC Roman Republic
92%
395 - 476 Western Roman Empire
92%
27 BC - 395 AD Roman Empire
91%
486 - 843 Francia
68%
843 - 987 West Francia
68%
476 - 486 Kingdom of Soissons
11%
No matching quizzes found
Score Distribution
Percent of People with Each Score
Percentile by Number Answered
Your Score History
You have not taken this quiz